|
|
|
|
| LEADER |
04824nam a22005535i 4500 |
| 001 |
978-3-540-78387-9 |
| 003 |
DE-He213 |
| 005 |
20151204154304.0 |
| 007 |
cr nn 008mamaa |
| 008 |
100301s2009 gw | s |||| 0|eng d |
| 020 |
|
|
|a 9783540783879
|9 978-3-540-78387-9
|
| 024 |
7 |
|
|a 10.1007/978-3-540-78387-9
|2 doi
|
| 040 |
|
|
|d GrThAP
|
| 050 |
|
4 |
|a RD137-139
|
| 072 |
|
7 |
|a MNC
|2 bicssc
|
| 072 |
|
7 |
|a MJW
|2 bicssc
|
| 072 |
|
7 |
|a MED085000
|2 bisacsh
|
| 072 |
|
7 |
|a MED069000
|2 bisacsh
|
| 082 |
0 |
4 |
|a 617.98
|2 23
|
| 245 |
1 |
0 |
|a Essentials of Pediatric Endoscopic Surgery
|h [electronic resource] /
|c edited by Amulya K. Saxena, Michael E. Höllwarth.
|
| 264 |
|
1 |
|a Berlin, Heidelberg :
|b Springer Berlin Heidelberg,
|c 2009.
|
| 300 |
|
|
|a XXXIV, 538 p. 701 illus., 665 illus. in color.
|b online resource.
|
| 336 |
|
|
|a text
|b txt
|2 rdacontent
|
| 337 |
|
|
|a computer
|b c
|2 rdamedia
|
| 338 |
|
|
|a online resource
|b cr
|2 rdacarrier
|
| 347 |
|
|
|a text file
|b PDF
|2 rda
|
| 505 |
0 |
|
|a Concepts in Endoscopic Surgery -- History of Endoscopic Surgery -- Instrumentation and Equipment -- Ergonomics of Endoscopic Surgery -- Instrument Ergonomics -- Suturing Techniques -- Effects of Insufflation -- Anesthesia Considerations -- Preoperative Considerations -- Closed- and Open-Access Techniques -- Concepts in Video-Assisted Thoracic Surgery (VATS) -- Robot-Assisted Pediatric Surgery -- Video-Assisted Thoracoscopic Surgery (VATS) -- Lobectomy -- Bronchogenic Cyst Resection -- Resection of Pulmonary Sequestrations -- Treatment of Pulmonary Blebs and Bullae -- Thoracic Neuroblastoma Resection -- Esophageal Atresia Repair -- Congenital Diaphragmatic Hernia Repair -- Thymectomy -- Aortopexy -- Closure of a Patent Ductus Arteriosus -- Endoscopic Transthoracic Sympathectomy -- Anterior Discectomy and Hemivertebrectomy -- Pectus Excavatum Repair -- Gastrointestinal Procedures -- Diagnostic Laparoscopy -- Thal Fundoplication -- Nissen Fundoplication -- Toupet Fundoplication -- Cardiomyotomy for Esophageal Achalasia -- Gastric Banding -- Pyloromyotomy -- Laparoscopic-Assisted Jejunostomy -- Resection of Meckel’s Diverticulum -- Intussusception Treatment -- Appendectomy -- Single-Port Appendectomy -- Extramucosal Colon Biopsy -- Total Colectomy with Pelvic Pouch -- Duhamel-Martin Procedure for Hirschsprung’s Disease -- Pull-Through for High Imperforate Anus -- Rectopexy -- Ventriculoperitoneal Shunt Implantation -- Hepatobiliary, Splenic and Pancreatic Procedures -- Cholecystectomy -- Liver Biopsy -- Choledochal Cyst Resection -- Portoenterostomy (Kasai Procedure) -- Liver Resection -- Management of Hydatid Cysts -- Management of Pancreatic Pseudocysts -- Pancreatectomy -- Splenectomy and Related Procedures -- Mesh Splenopexy for Wandering Spleen -- Genitourinary Procedures -- Inguinal Hernia Repair -- Procedure Options in Undescended Testis -- First Step Fowler-Stephens in Prune-Belly Syndrome -- Management of Ovarian Cysts -- Adrenalectomy -- Nephroureterectomy -- Transabdominal Pyeloplasty -- Retroperitoneal Robot-Assisted Pyeloplasty -- Transvesicoscopic Ureteric Reimplantation -- STING Procedure for Vesicoureteral Reflux -- Varicocele Ligation -- Miscellaneous Topics -- Electrosurgical Injuries -- Complications in Endoscopic Surgery -- Lasers in Endoscopic Surgery -- Vessel-Sealing Technology -- Harmonic Scalpel Technology -- Instrument and Device Options -- Suturing Aids in Endoscopic Surgery -- Slip Knot Techniques -- Developments in Robotic Systems -- Concept of the Integrated Endoscopic Operation Room -- Virtual Reality.
|
| 520 |
|
|
|a 'Essentials of Pediatric Endoscopic Surgery' addresses the essential and practical aspects of laparoscopic surgery in the pediatric age group. It offers the readers the opportunity to understand, in a well-outlined manner, the approach to decision making in the implementation of laparoscopic surgery, along with a step-by-step explanation of the procedures using high quality operative photographs. The extensive coverage of pediatric surgery makes this book suitable for both beginners and experts.
|
| 650 |
|
0 |
|a Medicine.
|
| 650 |
|
0 |
|a Orthopedics.
|
| 650 |
|
0 |
|a Pediatrics.
|
| 650 |
|
0 |
|a Pediatric surgery.
|
| 650 |
|
0 |
|a Thoracic surgery.
|
| 650 |
|
0 |
|a Urology.
|
| 650 |
1 |
4 |
|a Medicine & Public Health.
|
| 650 |
2 |
4 |
|a Pediatric Surgery.
|
| 650 |
2 |
4 |
|a Pediatrics.
|
| 650 |
2 |
4 |
|a Urology.
|
| 650 |
2 |
4 |
|a Thoracic Surgery.
|
| 650 |
2 |
4 |
|a Orthopedics.
|
| 650 |
2 |
4 |
|a Surgical Orthopedics.
|
| 700 |
1 |
|
|a Saxena, Amulya K.
|e editor.
|
| 700 |
1 |
|
|a Höllwarth, Michael E.
|e editor.
|
| 710 |
2 |
|
|a SpringerLink (Online service)
|
| 773 |
0 |
|
|t Springer eBooks
|
| 776 |
0 |
8 |
|i Printed edition:
|z 9783540783862
|
| 856 |
4 |
0 |
|u http://dx.doi.org/10.1007/978-3-540-78387-9
|z Full Text via HEAL-Link
|
| 912 |
|
|
|a ZDB-2-SME
|
| 950 |
|
|
|a Medicine (Springer-11650)
|